| 000 | 00709 a2200205 4500 | ||
|---|---|---|---|
| 001 | 48463 | ||
| 005 | 20260407155749.0 | ||
| 008 | 260407a1966 arg spa d | ||
| 003 | AR-UNSa-BCEJYS | ||
| 040 |
_aAR-UNSa-BCEJYS _bspa _cAR-UNSa-BCEJYS |
||
| 080 |
_a339.9 _xEconomía internacional en general. Relaciones económicas internacionales. Economía mundial |
||
| 245 | 1 | 0 |
_aLa unión económica de Europa _pestudios de diversos casos |
| 264 | 1 |
_aBuenos Aires : _bInstituto para la Integración de América Latina (INTAL) _c1966 |
|
| 300 |
_a469 p. _c23 cm. |
||
| 942 | _cBK | ||
| 590 | _aniveau_biblio:m niveau_hierar:0 | ||
| 100 | 1 | _aMeade, James E. | |
| 700 | 1 | _aLiesner, H.H. | |
| 700 | 1 | _aWells, S.J. | |
| 999 |
_c4602 _d4602 |
||